[Event "DMP - III LIGA SZACHOWA SENIOROW PK 2020"]
[Site "Bystre"]
[Date "1899-12-30"]
[Round "3.21"]
[White "Kasperek, Rafal"]
[Black "Janzer, Hubert"]
[Result "0-1"]
[WhiteTitle "I++"]
[BlackTitle "I++"]
[WhiteElo "1982"]
[BlackElo "1893"]

1. c4 Nf6 2. Nc3 c5 3. g3 g6 4. Bg2 Bg7 5. e4 Nc6 6. Nge2 d6 7. O-O O-O 8. d3 Bd7
9. h3 a6 10. Be3 Rb8 11. a4 e5 12. f4 h6 13. fxe5 Nxe5 14. Qd2 Kh7 15. a5 b5 16.
axb6 Rxb6 17. b4 cxb4 18. Nd5 Nxd5 19. exd5 Bf5 20. Nc1 Nxc4 21. dxc4 Bxa1 22.
Rxf5 gxf5 23. Qf2 Qf6 24. Bxb6 Rb8 25. Nb3 Be5 26. g4 fxg4 27. Be4+ Kg7 28. hxg4
Qg5 29. Bf5 Re8 30. Bd7 Rg8 31. Nd4 Qc1+ 32. Kg2 Qxc4 33. Nf5+ Kf8 34. Be3 Qxg4+
35. Kf1 Qh3+ 36. Ke1 Bc3+ 37. Ke2 Qh5+ 38. Kd3 Qd1+ 39. Kc4 Rg4+ 40. Nd4 Bxd4
41. Bxg4 Bxe3 42. Qxe3 Qxg4+ 43. Kb3 h5 44. Qb6 Qf3+ 45. Kxb4 Qxd5 46. Qxa6 Qc5+
47. Kb3 Kg7 48. Qd3 Qe5 49. Qf3 Qe6+ 50. Kc2 Qg4 51. Qd5 h4 52. Kd2 Qf4+ 53. Kc2
h3 0-1

[Event "DMP - III LIGA SZACHOWA SENIOROW PK 2020"]
[Site "Bystre"]
[Date "1899-12-30"]
[Round "3.22"]
[White "Lach, Tomasz"]
[Black "Mikula, Michal"]
[Result "0-1"]
[WhiteTitle "I"]
[BlackTitle "I"]
[WhiteElo "1833"]
[BlackElo "1858"]

1. d4 Nf6 2. Nc3 c5 3. d5 d6 4. e4 a6 5. a4 e5 6. Bg5 Be7 7. Bxf6 Bxf6 8. Be2 Nd7
9. Bg4 Nf8 10. Bxc8 Rxc8 11. Nge2 Ng6 12. O-O O-O 13. a5 Qd7 14. Ng3 Nf4 15. Nh5
Nxh5 16. Qxh5 g6 17. Qe2 Bd8 18. Qd2 Qg4 19. f3 Qh5 20. Ra3 Bg5 21. Qe2 Rc7 22.
Raa1 f5 23. Rad1 Qh6 24. g3 Rcf7 25. Kg2 Bd8 26. Ra1 Qg5 27. Qd3 f4 28. g4 h5
29. h3 Rh7 30. Rh1 hxg4 31. hxg4 Rxh1 32. Rxh1 Bxa5 33. Ne2 Rf7 34. c3 Rh7 35.
Qb1 Rh4 36. Qa1 Rxh1 37. Kxh1 Qd8 38. Kg2 b5 39. Qh1 Kg7 40. Qa1 c4 41. Ng1 Qb6
42. Qe1 Qd8 43. Qa1 Qc7 44. Qe1 g5 45. Ne2 Bb6 46. Ng1 Qc5 47. Nh3 Kg6 48. Qa1
a5 49. Qd1 Qe3 50. Qc2 Kf6 51. Qd1 b4 52. Qc2 Qe1 53. Qa4 Qe2+ 54. Kh1 Qxf3+ 55.
Kh2 Qg3+ 56. Kh1 Qxh3# 0-1

[Event "DMP - III LIGA SZACHOWA SENIOROW PK 2020"]
[Site "Bystre"]
[Date "1899-12-30"]
[Round "3.25"]
[White "Miasik, Adrian"]
[Black "Kopacz, Lukasz"]
[Result "1-0"]
[WhiteTitle "I++"]
[BlackTitle "I+"]
[WhiteElo "1881"]
[BlackElo "1913"]

1. d4 c5 2. d5 e5 3. c4 d6 4. Nc3 a6 5. e4 g6 6. Bd3 Bg7 7. Nf3 Bg4 8. h3 Bxf3
9. Qxf3 Nd7 10. Rb1 Ne7 11. Be3 O-O 12. g4 f6 13. h4 g5 14. h5 h6 15. Kf1 b6 16.
b4 Rb8 17. Kg2 Qc7 18. Rhc1 Rfc8 19. bxc5 bxc5 20. Qd1 Nb6 21. Na4 Nd7 22. Bd2
Rxb1 23. Rxb1 Rb8 24. Rb3 Nc8 25. Qb1 Bf8 26. Nc3 Be7 27. Nd1 Bd8 28. Ne3 Ne7
29. Qb2 Kf7 30. Bc2 Rxb3 31. Bxb3 Qb7 32. Qc2 Bb6 33. Qd1 Kg7 34. Ba4 Nf8 35.
Qb3 Qc7 36. Be8 Ba7 37. Qa4 Qb7 38. Bg6 Nfxg6 39. hxg6 Qc8 40. Nf5+ Nxf5 41. gxf5
Bb6 42. Ba5 Bxa5 43. Qxa5 h5 44. Qb6 Qd7 45. Qc6 Qe7 46. Qxa6 Kh6 47. Qc8 Kg7
48. a4 Qa7 49. a5 1-0

[Event "DMP - III LIGA SZACHOWA SENIOROW PK 2020"]
[Site "Bystre"]
[Date "1899-12-30"]
[Round "3.26"]
[White "Baniak, Lukasz"]
[Black "Ciasnocha, Michal"]
[Result "0-1"]
[WhiteTitle "I++"]
[BlackTitle "I+"]
[WhiteElo "1939"]
[BlackElo "1795"]

1. e4 e5 2. Nc3 Nc6 3. f4 d6 4. Nf3 Nf6 5. Bc4 Be7 6. O-O O-O 7. d3 Na5 8. Bb3
Nxb3 9. axb3 Re8 10. fxe5 dxe5 11. Be3 Ng4 12. Bxa7 Rxa7 13. Rxa7 Bc5+ 14. d4
Bxa7 15. Nb5 Bxd4+ 16. Nfxd4 exd4 17. Rf4 Qg5 18. Qf3 Qxb5 0-1

[Event "DMP - III LIGA SZACHOWA SENIOROW PK 2020"]
[Site "Bystre"]
[Date "1899-12-30"]
[Round "3.27"]
[White "Babiarz, Arkadiusz"]
[Black "Biesiadecki, Adam"]
[Result "1-0"]
[WhiteTitle "I++"]
[BlackTitle "I"]
[WhiteElo "1840"]
[BlackElo "1539"]

1. c4 Nf6 2. g3 e6 3. Bg2 c5 4. e4 Nc6 5. Nc3 b6 6. e5 Ng8 7. Nge2 Rb8 8. d4 Nxd4
9. Nxd4 cxd4 10. Qxd4 a6 11. O-O Bb7 12. Bxb7 Rxb7 13. Ne4 f5 14. Bg5 Qb8 15.
Nd6+ Bxd6 16. exd6 Kf7 17. g4 fxg4 18. f4 Nf6 19. Rae1 Re8 20. Re5 Qd8 21. f5
Rb8 22. fxe6+ Rxe6 23. Ref5 Rc8 24. b4 Qh8 25. Qd5 Kg6 26. Rxf6+ gxf6 27. Qf5+
Kf7 28. Bxf6 Qg8 29. Be7+ Kg7 30. Bf6+ Kf7 31. Be7+ Kg7 32. Qg5+ Rg6 33. Bf6+
Kf7 34. Ba1+ 1-0

[Event "DMP - III LIGA SZACHOWA SENIOROW PK 2020"]
[Site "Bystre"]
[Date "1899-12-30"]
[Round "3.28"]
[White "Juszczuk, Grzegorz"]
[Black "Ziemniak, Piotr"]
[Result "1/2-1/2"]
[WhiteTitle "I"]
[BlackTitle "I+"]
[WhiteElo "1809"]
[BlackElo "1791"]

1. d4 d6 2. Nf3 Nf6 3. Bf4 g6 4. e3 Bg7 5. Be2 c5 6. c3 cxd4 7. cxd4 Qa5+ 8. Nbd2
O-O 9. O-O Nc6 10. h3 e5 11. Nc4 Qc7 12. dxe5 dxe5 13. Nfxe5 Rd8 14. Qa4 Nxe5
15. Nxe5 Qe7 16. Nf3 Nd5 17. Bg5 f6 18. Bh4 Kh8 19. Nd4 g5 20. Bg3 f5 21. Rfe1
f4 22. exf4 gxf4 23. Bf3 Nb6 24. Qb5 Qf8 25. Bh4 Bd7 26. Qd3 Bf5 27. Qb3 Rxd4
28. Bxb7 Rb8 29. Bf3 Nc4 30. Qa4 Ne5 31. Qxa7 Nxf3+ 32. gxf3 Rd7 33. Qa4 Rdb7
34. Re2 Bxh3 35. Rae1 Bd7 36. Qa5 Qf7 37. Re7 Qg6+ 38. Kh2 Qh6 39. Qg5 1/2-1/2

[Event "DMP - III LIGA SZACHOWA SENIOROW PK 2020"]
[Site "Bystre"]
[Date "1899-12-30"]
[Round "3.29"]
[White "Wozniak, Grzegorz"]
[Black "Bialek, Filip"]
[Result "1-0"]
[WhiteTitle "I"]
[BlackTitle "II"]
[WhiteElo "1608"]
[BlackElo "1026"]

1. e4 c5 2. Nc3 Nc6 3. Nf3 g6 4. d4 cxd4 5. Nxd4 Bg7 6. Be3 d6 7. Qd2 Nf6 8. f3
O-O 9. O-O-O Re8 10. Bc4 a6 11. Bb3 Rb8 12. g4 h5 13. gxh5 Nxh5 14. Rhg1 Na5 15.
Kb1 Nxb3 16. Nxb3 b5 17. Bh6 Bh8 18. f4 b4 19. Ne2 Bb7 20. Qe3 e6 21. Ng3 Qf6
22. e5 Qh4 23. Bg5 Qh3 24. Rxd6 Rbc8 25. Qe2 Nxg3 26. Rxg3 Qf5 27. Nd4 Qe4 28.
Qxe4 Bxe4 29. Re3 Bb7 30. Ne2 a5 31. c3 Rc4 32. b3 Re4 33. Rxe4 Bxe4+ 34. Kc1
Rf8 35. c4 f6 36. exf6 Bxf6 37. Rxe6 Bxg5 38. Rxe4 Bf6 39. Kc2 Kf7 40. Nc1 Rh8
41. Re2 Rh4 42. Nd3 Bc3 43. a3 Rh5 44. Nc1 Bd4 45. axb4 axb4 46. Kd3 Bg1 47. Ke4
Bxh2 48. Nd3 Rh3 49. Rg2 Rh4 50. Ne5+ Ke8 51. Ng4 g5 52. Nxh2 Rxf4+ 53. Ke5 Rf7
54. Kd5 g4 55. Nxg4 Rf3 56. Re2+ Kd8 57. Re3 Rf5+ 58. Ne5 Kc7 59. Kc5 Rf6 60.
Kxb4 1-0

[Event "DMP - III LIGA SZACHOWA SENIOROW PK 2020"]
[Site "Bystre"]
[Date "1899-12-30"]
[Round "3.30"]
[White "Krzyzanowska-zadlo, Lidia"]
[Black "Polak, Sylwia"]
[Result "1-0"]
[WhiteTitle "k"]
[BlackTitle "I++"]
[WhiteElo "1801"]
[BlackElo "1614"]

1. Nf3 d5 2. d4 Nf6 3. g3 e6 4. Bg2 c5 5. c4 Nc6 6. cxd5 Nxd5 7. O-O Be7 8. Nc3
Nxc3 9. bxc3 O-O 10. e4 cxd4 11. cxd4 Qa5 12. Qe2 Rd8 13. Rd1 Bf6 14. Be3 Bd7
15. Rab1 b6 16. e5 Be7 17. Nd2 Rac8 18. Ne4 Nb4 19. Qg4 Nd5 20. Bh6 Bf8 21. Bxg7
Bxg7 22. Nf6+ Kh8 23. Bxd5 Bxf6 24. Be4 Bxe5 25. Qh4 f5 26. dxe5 Qxe5 27. Bb7
Rb8 28. Rbc1 Kg7 29. Qe7+ 1-0

[Event "DMP - III LIGA SZACHOWA SENIOROW PK 2020"]
[Site "Bystre"]
[Date "1899-12-30"]
[Round "4.2"]
[White "Baniak, Lukasz"]
[Black "Socha, Kamil"]
[Result "0-1"]
[WhiteTitle "I++"]
[BlackTitle "I"]
[WhiteElo "1939"]
[BlackElo "1817"]

1. e4 c5 2. Nc3 Nc6 3. f4 g6 4. Nf3 Bg7 5. Bb5 e6 6. Bxc6 dxc6 7. O-O Nf6 8. d3
O-O 9. Qe1 b6 10. Qh4 c4 11. f5 exf5 12. Bg5 h6 13. Bxh6 Bxh6 14. Qxh6 Ng4 15.
Qf4 cxd3 16. h3 Nf6 17. e5 Nh7 18. Rad1 Qe7 19. cxd3 Be6 20. h4 Rad8 21. d4 b5
22. b3 Kg7 23. g4 fxg4 24. Ng5 Nxg5 25. hxg5 Bf5 26. Kg2 Rh8 27. Ne2 Rh3 28. Ng3
Qe6 29. Nxf5+ gxf5 30. d5 Rxd5 31. Rxd5 Qxd5+ 32. Kg1 Qh1+ 33. Kf2 Rf3+ 34. Ke2
Qxf1+ 0-1

[Event "DMP - III LIGA SZACHOWA SENIOROW PK 2020"]
[Site "Bystre"]
[Date "1899-12-30"]
[Round "4.5"]
[White "Medrygal, Rafal"]
[Black "Bialek, Filip"]
[Result "1-0"]
[WhiteTitle "II"]
[BlackTitle "II"]
[WhiteElo "1258"]
[BlackElo "1026"]

1. e4 d5 2. exd5 Qxd5 3. d4 Qd8 4. Nf3 Bf5 5. Bb5+ c6 6. Bc4 e6 7. O-O Nf6 8. c3
Nbd7 9. Bf4 Nb6 10. Nbd2 Bd6 11. Bg5 Be7 12. a4 a5 13. Nh4 Bg4 14. Nhf3 Bxf3 15.
Qxf3 O-O 16. Bd3 h6 17. Be3 Nbd5 18. Rfe1 Qc7 19. Ne4 Bd6 20. Nxf6+ Nxf6 21. Bxh6
Bxh2+ 22. Kf1 gxh6 23. Qxf6 Bf4 24. Qh4 Bg5 25. Qe4 Rfd8 26. Qh7+ Kf8 27. Rxe6
Bf6 28. Rxf6 Rac8 29. Qh8+ Ke7 30. Re1+ Kd7 31. Bf5# 1-0

[Event "DMP - III LIGA SZACHOWA SENIOROW PK 2020"]
[Site "Bystre"]
[Date "1899-12-30"]
[Round "4.7"]
[White "Lach, Dariusz"]
[Black "Miasik, Adrian"]
[Result "0-1"]
[WhiteTitle "I"]
[BlackTitle "I++"]
[WhiteElo "1748"]
[BlackElo "1881"]

1. d4 d5 2. Nf3 e6 3. g3 c5 4. e3 Nf6 5. c3 Bd6 6. Bg2 Nbd7 7. O-O b6 8. Nbd2 Bb7
9. Re1 h6 10. a3 O-O 11. Nf1 Qc7 12. N1d2 Rfe8 13. Nf1 b5 14. Bd2 a5 15. Qb3 Qb6
16. Rec1 Ba6 17. Qd1 Rec8 18. h3 Rab8 19. g4 Ne4 20. Be1 Bc7 21. N3d2 Ndf6 22.
f4 Qd6 23. Nxe4 Nxe4 24. Ng3 Nxg3 25. Bxg3 b4 26. axb4 cxb4 27. Bf1 bxc3 28. bxc3
Rb2 29. Rcb1 Rcb8 30. Rxb2 Rxb2 31. Rb1 Rxb1 32. Qxb1 Bxf1 33. Kxf1 Qa6+ 34. Kf2
a4 35. f5 Bxg3+ 36. Kxg3 a3 37. fxe6 Qxe6 38. Kf2 Qd6 39. Kg2 Qa6 40. Qb8+ Kh7
41. Qb1+ g6 42. Qa2 Qa5 43. Kf3 Kg7 44. e4 Qxc3+ 45. Kf4 Qxd4 46. Qxa3 Qxe4+ 47.
Kg3 d4 48. Qd6 Qe3+ 49. Kg2 d3 50. h4 d2 51. g5 Qe2+ 52. Kg3 d1=Q 53. gxh6+ Kh7
54. Qf6 Qdd3+ 0-1

[Event "DMP - III LIGA SZACHOWA SENIOROW PK 2020"]
[Site "Bystre"]
[Date "1899-12-30"]
[Round "4.8"]
[White "Ciasnocha, Michal"]
[Black "Lach, Ireneusz"]
[Result "1-0"]
[WhiteTitle "I+"]
[BlackTitle "I"]
[WhiteElo "1795"]
[BlackElo "1897"]

1. d4 Nf6 2. Nf3 d6 3. g3 g6 4. Bg2 Bg7 5. O-O O-O 6. b3 c6 7. Bb2 Nbd7 8. Nbd2
Re8 9. Re1 d5 10. c4 Nf8 11. Ne5 Ng4 12. Ndf3 Nxe5 13. Nxe5 Bf5 14. Rc1 f6 15.
Nd3 Bh6 16. e3 Bxd3 17. Qxd3 e6 18. b4 a6 19. a4 f5 20. cxd5 cxd5 21. Bf1 Nd7
22. Qb3 Bf8 23. Rc2 Rc8 24. Rxc8 Qxc8 25. Rc1 Qd8 26. Bc3 Bd6 27. Bd3 Nb8 28.
Kg2 Re7 29. f3 Rc7 30. e4 Bf8 31. Re1 fxe4 32. fxe4 Rf7 33. Rf1 Rxf1 34. Bxf1
Nc6 35. Be2 Bg7 36. Bf3 Nxd4 37. Bxd4 Bxd4 38. exd5 e5 39. d6+ Kf8 40. Qe6 Qg5
41. Qc8+ Kg7 42. Qxb7+ Kh6 43. Qe7 Qd2+ 44. Kh3 Bg1 45. Qxe5 Qxh2+ 46. Kg4 Qd2
47. Qf4+ Qxf4+ 48. Kxf4 Bb6 49. a5 Bd8 50. Be2 Kg7 51. Bxa6 Kf6 52. Bc4 h5 53.
Ke4 g5 54. Kd5 h4 55. gxh4 gxh4 56. Bf1 Kf7 57. Bh3 Kf6 58. Kc6 Ke5 59. a6 1-0

[Event "DMP - III LIGA SZACHOWA SENIOROW PK 2020"]
[Site "Bystre"]
[Date "1899-12-30"]
[Round "4.9"]
[White "Janzer, Hubert"]
[Black "Babiarz, Arkadiusz"]
[Result "1/2-1/2"]
[WhiteTitle "I++"]
[BlackTitle "I++"]
[WhiteElo "1893"]
[BlackElo "1840"]

1. d4 d5 2. Bf4 c5 3. c3 Nc6 4. e3 Nf6 5. Nd2 e6 6. Ngf3 Bd6 7. Bg3 O-O 8. Bd3
b6 9. Ne5 Bb7 10. O-O Qc7 11. f4 Ne7 12. Bh4 Ne4 13. Bxe7 Qxe7 14. Bxe4 dxe4 15.
Qc2 f6 16. Nec4 cxd4 17. exd4 Rac8 18. b3 b5 19. Ne3 Bb4 20. Nb1 Bxc3 21. Nxc3
b4 22. Nc4 bxc3 23. Qxc3 Rfd8 24. Rfd1 Rd5 25. Qe3 Rcd8 26. Rd2 Kh8 27. Qxe4 Rxd4
28. Qxd4 Rxd4 29. Rxd4 h6 30. Rad1 Qc5 31. Kh1 Kh7 32. a3 Bd5 33. b4 Qc6 34. Ne3
Bb3 35. R1d3 Qc1+ 36. Nd1 Qxa3 37. h3 Qa1 38. Kh2 Bc2 39. Rd2 a5 40. Ne3 Bb3 41.
b5 Bd5 42. Nxd5 exd5 43. Rxd5 a4 44. Rd7 Qb1 45. Ra7 Qxb5 46. Rdd7 Kg6 47. Rdb7
Qc4 48. Rxg7+ Kf5 49. Ra5+ Ke4 50. Rga7 Qc1 51. Rxa4+ Kf5 52. R7a5+ Kg6 53. f5+
Kh5 54. Ra2 Kg5 55. R5a3 Qf4+ 56. Rg3+ Kxf5 57. Raa3 Ke6 58. Raf3 Qd6 59. Kg1
Qd1+ 60. Rf1 Qd4+ 61. Kh1 Kf7 62. Rgf3 Qe5 63. Rf5 Qb2 64. Kh2 Qb8+ 65. R1f4 Qd6
66. Kg3 Kg6 67. Kh4 Qe6 68. Rxf6+ Qxf6+ 69. Rxf6+ Kxf6 70. Kg4 Kg6 71. h4 Kf6
72. Kf4 Kg6 73. g4 Kf6 74. Ke4 Ke6 75. Kd4 Kd6 76. g5 hxg5 77. hxg5 Ke6 78. Ke4
Kf7 79. Kf5 Kg7 80. g6 Kg8 1/2-1/2

[Event "DMP - III LIGA SZACHOWA SENIOROW PK 2020"]
[Site "Bystre"]
[Date "1899-12-30"]
[Round "4.10"]
[White "Ziemniak, Piotr"]
[Black "Lach, Tomasz"]
[Result "0-1"]
[WhiteTitle "I+"]
[BlackTitle "I"]
[WhiteElo "1791"]
[BlackElo "1833"]

1. e4 c6 2. d4 d5 3. Nc3 a6 4. Bd3 dxe4 5. Bxe4 Nf6 6. Bf3 Bf5 7. Nge2 e6 8. Ng3
Bg6 9. O-O Be7 10. Bf4 O-O 11. Qd2 Nbd7 12. h4 h6 13. Rad1 Nb6 14. h5 Bh7 15.
Qe2 Re8 16. Rfe1 Nbd5 17. Nxd5 Nxd5 18. Bd2 Qc7 19. c3 Rad8 20. Bxd5 cxd5 21.
Qg4 Kh8 22. Bf4 Bd6 23. Bxd6 Qxd6 24. Ne2 b5 25. Qf4 Qxf4 26. Nxf4 a5 27. Nd3
Bxd3 28. Rxd3 Rb8 29. a3 Rec8 30. Re2 b4 31. cxb4 axb4 32. Rb3 bxa3 33. Rxb8 Rxb8
34. bxa3 Rb1+ 35. Kh2 Ra1 36. Re3 Rd1 37. Rb3 Rxd4 38. Rb4 Rd2 39. Kg3 Rd3+ 40.
Kf4 Rxa3 41. Rb7 f6 42. Rb6 Ra4+ 43. Kf3 e5 44. g3 Ra2 45. g4 Ra3+ 46. Ke2 Ra4
47. f3 Rf4 48. Rd6 e4 49. Rxd5 exf3+ 50. Kf2 Rxg4 51. Kxf3 Rg5 52. Rd8+ Kh7 53.
Kf4 Rxh5 54. Kg4 Ra5 55. Kh4 Kg6 56. Rd7 Ra4+ 0-1

[Event "DMP - III LIGA SZACHOWA SENIOROW PK 2020"]
[Site "Bystre"]
[Date "1899-12-30"]
[Round "4.12"]
[White "Polak, Sylwia"]
[Black "Wladyka, Angelika"]
[Result "1-0"]
[WhiteTitle "I++"]
[BlackTitle "I"]
[WhiteElo "1614"]
[BlackElo "1601"]

1. d4 d5 2. c4 e6 3. Nc3 Nf6 4. Nf3 Be7 5. e3 a6 6. Bd3 dxc4 7. Bxc4 b5 8. Bd3
Bb7 9. O-O O-O 10. Qe2 c5 11. Rd1 cxd4 12. exd4 Nbd7 13. Bf4 Rc8 14. Ne5 Nb6 15.
Bg3 Nbd5 16. Rac1 Nxc3 17. bxc3 Qa5 18. c4 Rfd8 19. cxb5 Rxc1 20. Rxc1 axb5 21.
Bxb5 Rxd4 22. a4 Rd2 23. Qc4 Qd8 24. Nc6 Rd1+ 25. Rxd1 Qxd1+ 26. Qf1 Qxf1+ 27.
Kxf1 Bxc6 28. Bxc6 Bb4 29. Bc7 Bc5 30. a5 Nd5 31. Bxd5 exd5 32. Bb6 Bd6 33. a6
Bb8 34. a7 1-0

[Event "DMP - III LIGA SZACHOWA SENIOROW PK 2020"]
[Site "Bystre"]
[Date "1899-12-30"]
[Round "4.13"]
[White "Lopuszanski, Kamil"]
[Black "Zgoda, Damian"]
[Result "1-0"]
[WhiteTitle "I+"]
[BlackTitle "I"]
[WhiteElo "1995"]
[BlackElo "1672"]

1. d4 g6 2. c4 Bg7 3. Nf3 d6 4. Nc3 Nc6 5. e3 e5 6. Be2 f5 7. d5 Nce7 8. b3 Nf6
9. Bb2 O-O 10. Qc2 c6 11. dxc6 bxc6 12. O-O-O Qc7 13. c5 d5 14. Nxe5 Ne4 15. Nd3
Ba6 16. Na4 Bxd3 17. Bxd3 Qa5 18. f3 Nf6 19. h3 Qc7 20. g4 Bh6 21. f4 fxg4 22.
hxg4 Bg7 23. Qh2 h6 24. Qh4 Qd7 25. g5 Ng4 26. Bxg7 Kxg7 27. gxh6+ Kh7 28. f5
gxf5 29. Qxg4 Rg8 30. Qh3 Rg6 31. e4 dxe4 32. Bxe4 Qe6 33. Bc2 Rag8 34. Rde1 Qf6
35. Rxe7+ Qxe7 36. Bxf5 Kh8 37. Bxg6 Rxg6 38. h7 Rf6 39. Qg3 Qf8 40. Qc3 Qg7 41.
Kb1 Qg6+ 42. Ka1 Qg7 43. a3 Qg6 44. Rf1 1-0

[Event "DMP - III LIGA SZACHOWA SENIOROW PK 2020"]
[Site "Bystre"]
[Date "1899-12-30"]
[Round "4.14"]
[White "Smusz, Kamil"]
[Black "Mazurkiewicz, Andrzej"]
[Result "1-0"]
[WhiteTitle "I"]
[BlackTitle "I"]
[WhiteElo "1922"]
[BlackElo "1608"]

1. d4 d5 2. Bf4 Nf6 3. e3 e6 4. Nf3 Bd6 5. Bg3 O-O 6. Bd3 c5 7. c3 b6 8. Nbd2 Ba6
9. Bxa6 Nxa6 10. Ne5 Bxe5 11. Bxe5 Rc8 12. Qf3 cxd4 13. exd4 Nb8 14. h4 Ne8 15.
h5 f6 16. Bf4 e5 17. Be3 exd4 18. Bxd4 Nc6 19. Nb3 Nxd4 20. Nxd4 Qe7+ 21. Kf1
Qe4 22. Qg3 Qe5 23. Qf3 Qe4 24. Qh3 f5 25. Re1 Qf4 26. Qd3 Rf6 27. g3 Qc7 28.
Nxf5 Qc4 29. Qxc4 Rxc4 30. Rxe8+ Kf7 31. Re7+ Kf8 32. Rxg7 Rxf5 33. Rxh7 Rf7 34.
Rxf7+ Kxf7 35. Ke2 Kg7 36. f3 b5 37. g4 b4 38. Kd3 bxc3 39. bxc3 a5 40. h6+ Kh7
41. g5 Rf4 42. g6+ Kh8 43. Rb1 1-0

[Event "DMP - III LIGA SZACHOWA SENIOROW PK 2020"]
[Site "Bystre"]
[Date "1899-12-30"]
[Round "4.15"]
[White "Chowaniec, Artur"]
[Black "Kasperek, Rafal"]
[Result "1/2-1/2"]
[WhiteTitle "I"]
[BlackTitle "I++"]
[WhiteElo "1530"]
[BlackElo "1982"]

1. e4 c5 2. Nf3 Nc6 3. Bb5 g6 4. Bxc6 bxc6 5. d4 Bg7 6. O-O cxd4 7. Nxd4 Qb6 8.
c3 Nf6 9. Re1 O-O 10. Qb3 Qc7 11. Qc2 d6 12. Be3 c5 13. Ne2 Rb8 14. Nd2 Ng4 15.
Ng3 Nxe3 16. Rxe3 e6 17. Rd1 d5 18. exd5 exd5 19. Nf3 Bh6 20. Ree1 Be6 21. h3
Rfd8 22. Nf1 Qa5 23. Ne5 Rbc8 24. a3 Qc7 25. Nxg6 hxg6 26. Rxe6 fxe6 27. Qxg6+
Bg7 28. Qxe6+ Qf7 29. Qg4 Rf8 30. f3 Rcd8 31. Qg5 d4 32. Qxc5 dxc3 33. Rxd8 Rxd8
34. bxc3 Qd7 35. Qc4+ Qd5 36. Qc7 Bxc3 37. Qxc3 Qd4+ 1/2-1/2

[Event "DMP - III LIGA SZACHOWA SENIOROW PK 2020"]
[Site "Bystre"]
[Date "1899-12-30"]
[Round "4.16"]
[White "Mikula, Michal"]
[Black "Wrobel, Dariusz"]
[Result "1-0"]
[WhiteTitle "I"]
[BlackTitle "II+"]
[WhiteElo "1858"]
[BlackElo "1427"]

1. e4 e5 2. Nf3 d6 3. Bc4 Be7 4. d4 exd4 5. Nxd4 Nf6 6. Nc3 Bd7 7. Be3 Nc6 8. f3
Nxd4 9. Bxd4 a6 10. Qd2 O-O 11. g4 b5 12. Bd3 Bc6 13. O-O-O b4 14. Ne2 a5 15.
Ng3 Nd7 16. Nf5 Bf6 17. Bxf6 Qxf6 18. g5 Qd8 19. h4 Ne5 20. Be2 Bd7 21. h5 Bxf5
22. exf5 f6 23. f4 Nd7 24. Bc4+ Kh8 25. h6 fxg5 26. hxg7+ Kxg7 27. Qd4+ Qf6 28.
Qd2 Qxf5 29. Bd3 Qe6 30. Rxh7+ Kg8 31. Re1 Qxa2 32. Qg2 1-0

[Event "DMP - III LIGA SZACHOWA SENIOROW PK 2020"]
[Site "Bystre"]
[Date "1899-12-30"]
[Round "4.19"]
[White "Lorenc, Marian"]
[Black "Kopczyk, Daniel"]
[Result "0-1"]
[WhiteTitle "k"]
[BlackTitle "k"]
[WhiteElo "2124"]
[BlackElo "2137"]

1. e4 e5 2. Nf3 Nc6 3. Bb5 a6 4. Ba4 Be7 5. O-O b5 6. Bb3 Nf6 7. d4 d6 8. dxe5
Nxe5 9. Nxe5 dxe5 10. Qxd8+ Bxd8 11. f4 O-O 12. fxe5 Ng4 13. Bd5 c6 14. Bxc6 Bb6+
15. Kh1 Ra7 16. h3 Nf2+ 17. Kh2 Rc7 18. Bd5 Rxc2 19. Nc3 Nd3 20. Bg5 Be6 21. Be7
Re8 22. Bd6 Bd4 23. Rad1 Bxe5+ 24. Bxe5 Nxe5 25. Bxe6 fxe6 26. Rd6 Rxb2 27. Rxa6
b4 28. Nb5 Rf8 29. Rxf8+ Kxf8 30. Rxe6 Nf3+ 31. Kg3 Ne1 32. Nd6 Rxg2+ 33. Kf4
g6 34. Re8+ Kg7 35. e5 Rxa2 36. Re7+ Kh6 37. Nf7+ Kh5 38. Rb7 Nd3+ 39. Ke3 Nc5
40. Rxb4 Ra3+ 41. Kd4 Ne6+ 42. Kd5 Ng7 43. h4 Ra5+ 44. Kc6 Nf5 45. e6 Ra6+ 46.
Kd5 Ne7+ 47. Kc5 Rxe6 48. Ng5 Rc6+ 49. Kb5 Rc7 50. Rf4 Nf5 51. Kb6 Re7 52. Nf3
Ne3 53. Kc5 Ng2 54. Rd4 Rf7 55. Ng5 Rf5+ 56. Kd6 h6 57. Ne6 Rf6 58. Ke7 Rxe6+
59. Kxe6 Nxh4 60. Kf6 g5 0-1

[Event "DMP - III LIGA SZACHOWA SENIOROW PK 2020"]
[Site "Bystre"]
[Date "1899-12-30"]
[Round "4.20"]
[White "Mrozowski, Patryk"]
[Black "Marciniak, Leonard"]
[Result "1/2-1/2"]
[WhiteTitle "I++"]
[BlackTitle "I+"]
[WhiteElo "2065"]
[BlackElo "1672"]

1. e4 c6 2. d4 d5 3. e5 Bf5 4. h4 h5 5. Bg5 Qb6 6. Bd3 Bxd3 7. Qxd3 e6 8. Ne2 c5
9. b3 cxd4 10. Qxd4 Bc5 11. Qa4+ Nc6 12. O-O Nge7 13. Nd2 Qb4 14. Qxb4 Bxb4 15.
c3 Bc5 16. Nf3 Ng6 17. Bf4 f6 18. exf6 gxf6 19. Be3 Be7 20. Rad1 Kf7 21. g3 Rad8
22. Nfd4 a6 23. f4 f5 24. Rfe1 Rhg8 25. Kh2 Nxd4 26. Nxd4 Bf6 27. Rd3 Bxd4 28.
Bxd4 Rd6 29. Bc5 Rc6 30. Bb4 a5 31. Ba3 b5 1/2-1/2

[Event "DMP - III LIGA SZACHOWA SENIOROW PK 2020"]
[Site "Bystre"]
[Date "1899-12-30"]
[Round "4.25"]
[White "Marut, Leszek"]
[Black "Piekarski, Lukasz"]
[Result "1/2-1/2"]
[WhiteTitle "I"]
[BlackTitle "I"]
[WhiteElo "1863"]
[BlackElo "1901"]

1. d4 Nf6 2. Nf3 g6 3. g3 Bg7 4. Bg2 O-O 5. O-O d6 6. b3 c5 7. Bb2 cxd4 8. Nxd4
d5 9. Nd2 e5 10. N4f3 e4 11. Nd4 Nbd7 12. e3 Ne5 13. h3 Re8 14. a4 Nfd7 15. Qe2
Nc5 16. Rab1 f5 17. Ba3 b6 18. f4 exf3 19. N2xf3 Nxf3+ 20. Qxf3 Ne4 21. Bb4 a5
22. Be1 Bxd4 23. exd4 Ba6 24. Rf2 Rc8 25. Rc1 Nxf2 26. Qxd5+ Qxd5 27. Bxd5+ Kf8
28. Bxf2 Rc3 29. Bg2 Rec8 30. d5 Rxb3 31. d6 Rb2 32. d7 Rd8 33. Bc6 Ke7 34. Bd4
Rb4 35. c3 Kd6 36. Bf2 Rxd7 1/2-1/2

[Event "DMP - III LIGA SZACHOWA SENIOROW PK 2020"]
[Site "Bystre"]
[Date "1899-12-30"]
[Round "4.26"]
[White "Pasionek, Ariel"]
[Black "Dobrzanski, Krzysztof"]
[Result "1-0"]
[WhiteTitle "I"]
[BlackTitle "II+"]
[WhiteElo "1914"]
[BlackElo "1722"]

1. e4 c5 2. Nf3 Nc6 3. Bb5 d6 4. O-O a6 5. Bxc6+ bxc6 6. d4 cxd4 7. Qxd4 e5 8.
Qd3 Nf6 9. c4 Qc7 10. b3 Be7 11. Bb2 O-O 12. c5 Nd7 13. cxd6 Bxd6 14. Rd1 Be7
15. Ba3 c5 16. Nc3 Nb6 17. Nd5 Nxd5 18. Qxd5 Bg4 19. Bb2 Rfd8 20. Qxe5 Qxe5 21.
Bxe5 Rdc8 22. Rac1 a5 23. h3 Be6 24. Bd6 Bxd6 25. Rxd6 a4 26. Nd2 axb3 27. axb3
Rab8 28. f3 h6 29. Rc3 Rb4 30. Kf2 Rcb8 31. Rxc5 Bxb3 32. Nxb3 Rxb3 33. Rd7 Rb2+
34. Kg3 R8b6 35. Rc8+ Kh7 36. Rxf7 Rg6+ 37. Kf4 Rgxg2 38. Rcc7 Rb5 39. Rf5 Rb4
40. h4 Rb3 41. h5 Rg5 42. Rxg5 hxg5+ 43. Kxg5 Rxf3 44. h6 Rg3+ 45. Kf4 Ra3 46.
Rxg7+ Kxh6 47. Rg1 Ra2 48. Kf5 Rf2+ 49. Ke6 Rf3 50. e5 Rf2 51. Ke7 Rf3 52. e6
Rf2 53. Ke8 Rf3 54. e7 Rd3 55. Rg4 Rd2 56. Kf7 Rf2+ 57. Ke6 Re2+ 58. Kf6 Kh7 59.
Rg5 Kh6 60. Re5 1-0

[Event "DMP - III LIGA SZACHOWA SENIOROW PK 2020"]
[Site "Bystre"]
[Date "1899-12-30"]
[Round "4.27"]
[White "Palacki, Rafal"]
[Black "Samek, Ryszard"]
[Result "1-0"]
[WhiteTitle "II+"]
[BlackTitle "I"]
[WhiteElo "1755"]
[BlackElo "1993"]

1. e4 e5 2. Nf3 Nc6 3. Bc4 Nf6 4. d4 exd4 5. O-O Nxe4 6. Nc3 Nd6 7. Re1+ Be7 8.
Nd5 Nxc4 9. Bg5 f6 10. Bxf6 gxf6 11. Nxd4 N4e5 12. Qh5+ Ng6 13. Nxc6 dxc6 14.
Rxe7+ Qxe7 15. Nxe7 Kxe7 16. Re1+ Kf7 17. f4 Kg7 18. f5 Ne5 19. Re3 Bd7 20. Rg3+
Kf8 21. Qh6+ Ke7 22. Qg7+ Kd6 23. Qxf6+ Kd5 24. c4+ Ke4 25. Kf2 Rhe8 26. Re3+
Kd4 27. b4 a5 1-0

[Event "DMP - III LIGA SZACHOWA SENIOROW PK 2020"]
[Site "Bystre"]
[Date "1899-12-30"]
[Round "4.28"]
[White "Wojciechowski, Beniamin"]
[Black "Zajac, Karol"]
[Result "1-0"]
[WhiteTitle "I"]
[BlackTitle "I"]
[WhiteElo "1835"]
[BlackElo "1652"]

1. e4 e5 2. f4 exf4 3. Nf3 Be7 4. Bc4 Nf6 5. d3 d5 6. exd5 Nxd5 7. O-O O-O 8. Nc3
Be6 9. Nxd5 Bxd5 10. Bxd5 Qxd5 11. Bxf4 Nd7 12. c4 Qc6 13. Qc2 Bf6 14. Rfd1 Rfe8
15. d4 h6 16. Bg3 Re4 17. Rac1 Rae8 18. Rd2 Re3 19. b3 Rxf3 20. gxf3 Qxf3 21.
Rf1 Qe3+ 22. Bf2 Qg5+ 23. Kh1 Qh5 24. Qd1 Qa5 25. Re2 Rd8 26. Qe1 Qa6 27. Re8+
Rxe8 28. Qxe8+ Nf8 29. Qe2 Qd6 30. d5 b6 31. Bg3 Qd7 32. Qf3 Ng6 33. Qf5 Qd8 34.
Re1 Bg5 35. Rf1 Bf6 36. Re1 Bg5 37. Qe4 Ne7 38. h4 Bf6 39. h5 Qd7 40. Kg2 b5 41.
Re2 a6 42. Rd2 Bg5 43. Rd3 bxc4 44. bxc4 Qa4 45. Bxc7 Qxa2+ 46. Kh3 Qf2 47. Bg3
Qf1+ 48. Kh2 f5 49. Rf3 Qd1 50. Qd3 Qc1 51. d6 f4 52. Bf2 Nc8 53. c5 Na7 54. Qd5+
Kh7 55. d7 Nb5 56. Qf5+ Kh8 57. Qxg5 hxg5 58. d8=Q+ Kh7 59. Qxg5 Nc3 60. Qxf4
Qb2 61. Qd4 Qb8+ 62. Rg3 1-0